000
00297nam a22001217a 4500
008
180421b xxu||||| |||| 00| 0 eng d
041
_a
eng
080
_a
043.3
100
_a
0
101
_a
SHKI-MA
245
_a
Sistemi i Vendodhjes se Stacioneve me ane te HTML-se
_c
Rexhepi, D
942
_2
udc
_c
BK
999
_c
45395
_d
45395